| 000 | 00528nmm a2200181Ia 4500 | ||
|---|---|---|---|
| 008 | 251105s9999||||xx |||||||||||||||||und|| | ||
| 020 | _a9788490103319 | ||
| 041 | _aspa | ||
| 100 | _aWilde, Lori | ||
| 245 | 0 | _aIdilio embriagador/Palabras eróticas | |
| 264 |
_a[Madrid, España] : _bHarlequin, _c[Fecha de publicación no identificada] |
||
| 300 | _a0 páginas | ||
| 650 | _aErotic novel | ||
| 700 | _aWilde, Lori | ||
| 700 | 1 | _a Sharpe, Isabel | |
| 856 | _uhttps://public.digitaliapublishing.com/a/96358 | ||
| 942 | _cCF | ||
| 999 |
_c72596 _d72596 |
||